|
|
|
|
| LEADER |
00850nam a2200205 a 4500 |
| 001 |
GR-MES7124 |
| 008 |
970101s enk 000 0 gre d |
| 020 |
|
|
|a 0133593169
|
| 040 |
|
|
|a GrPaTEI
|b gre
|c GR-PaULI
|
| 040 |
|
|
|a GrPaTEI
|b gre
|c GR-PaULI
|
| 245 |
0 |
0 |
|a Consumer behaviour :
|b advances and applications in marketing /
|c Robert East.
|
| 260 |
|
|
|a London :
|b Prentice hall,
|c 1997
|
| 300 |
|
|
|a 356 σελ.
|
| 500 |
|
|
|a βιβλιογραφια:σελ(314-340) και ευρετήριο
|
| 650 |
|
4 |
|a ΠΕΛΑΤΕΙΑΚΟ ΜΑΡΚΕΤΙΝΓΚ
|
| 700 |
1 |
|
|a EAST, ROBERT
|
| 942 |
|
|
|2 ddc
|
| 952 |
|
|
|0 0
|1 0
|2 ddc
|4 0
|6 658_834000000000000_2_EAS
|7 0
|9 277494
|a MSLG
|b MSLG
|c BSC
|d 2021-01-17
|e 24
|f 0
|g 0.00
|l 0
|o 658.834 2 EAS
|p 2420000016008
|r 2021-01-17 00:00:00
|t 1
|w 2021-01-17
|y BK15
|x 19970101 0 1
|x GrPaTEI
|
| 971 |
|
|
|a .b25855931
|b 15-04-20
|c 14-09-16
|
| 999 |
|
|
|c 161251
|d 161251
|